Logo CIB grande

UN CONTINENTE CONTRA LA DEUDA:PERSPECTIVAS Y ENFOQUES PARA LA ACCION (Registro nro. 216771)

Detalles MARC
000 -LEADER
campo de control de longitud fija 00681nam a2200265Ia 4500
005 - FECHA Y HORA DE LA ÚLTIMA TRANSACCIÓN
campo de control 20250425161823.0
008 - DATOS DE LONGITUD FIJA--INFORMACIÓN GENERAL
campo de control de longitud fija 250425s9999 xx 000 0 und d
020 ## - NÚMERO INTERNACIONAL ESTÁNDAR DEL LIBRO
Número Internacional Estándar del Libro 9978045708
041 ## - CÓDIGO DE IDIOMA
Código de lengua del texto/banda sonora o título independiente spa
043 ## - CÓDIGO DE ÁREA GEOGRÁFICA
Código de área geográfica ec
082 ## - NÚMERO DE LA CLASIFICACIÓN DECIMAL DEWEY
Número de clasificación 336.3435
010 ## - NÚMERO DE CONTROL DE LA BIBLIOTECA DEL CONGRESO
Número de control de LC 31008
100 ## - ENTRADA PRINCIPAL--NOMBRE DE PERSONA
Nombre de persona CENTRO DE DERECHOS, ECONOMICOS SOCIALES
245 #0 - MENCIÓN DEL TÍTULO
Título UN CONTINENTE CONTRA LA DEUDA:PERSPECTIVAS Y ENFOQUES PARA LA ACCION
250 ## - MENCION DE EDICION
Mención de edición 1A ED.
260 ## - PUBLICACIÓN, DISTRIBUCIÓN, ETC.
Lugar de publicación, distribución, etc. Ecuador
Nombre del editor, distribuidor, etc. ABYA -YALA
Fecha de publicación, distribución, etc. 1999
260 ## - PUBLICACIÓN, DISTRIBUCIÓN, ETC.
Lugar de publicación, distribución, etc. QUITO
300 ## - DESCRIPCIÓN FÍSICA
Extensión 383
500 ## - NOTA GENERAL
Nota general VARIOS AUTORES
650 ## - PUNTO DE ACCESO ADICIONAL DE MATERIA--TÉRMINO DE MATERIA
Término de materia o nombre geográfico como elemento de entrada AMERICA LATINA-POLITICA EXTERNA
650 ## - PUNTO DE ACCESO ADICIONAL DE MATERIA--TÉRMINO DE MATERIA
Término de materia o nombre geográfico como elemento de entrada DESARROLLO
650 ## - PUNTO DE ACCESO ADICIONAL DE MATERIA--TÉRMINO DE MATERIA
Término de materia o nombre geográfico como elemento de entrada DEUDA EXTERNA
710 ## - ENTRADA AGREGADA--NOMBRE DE ENTIDAD CORPORATIVA
Nombre de entidad corporativa o nombre de jurisdicción como elemento de entrada ABYA-YALA
942 ## - ELEMENTOS DE ENTRADA SECUNDARIOS (KOHA)
Tipo de ítem Koha Libros
Existencias
Estatus retirado Estado de pérdida Estado de daño No para préstamo Biblioteca de origen Biblioteca actual Ubicación en estantería Fecha de adquisición Coste, precio normal de compra Total de préstamos Código de barras Copia número Nota pública
        ESCUELA DE NEGOCIOS ESCUELA DE NEGOCIOS   19/12/2000 7.00   CP-01315 1 COMPRA

Copyright 2025 ESPOL. Todos los derechos reservados.